Banking & you

Bibliographic Details
Main Author: Pang, Johnson
Format: Book
Published: Petaling Jaya : Pelanduk Publications (M) Sdn.Bhd. , 1991
Subjects:

MARC

LEADER 00000cam a2200000 7i4500
001 0000005331
002 000005760
005 20000330.0
020 |a 9679783618 
090 0 0 |a 332.1   |b PAN 
100 1 |a Pang, Johnson 
245 1 0 |a Banking & you   |c Johnson Pang 
260 |a Petaling Jaya :   |b Pelanduk Publications (M) Sdn.Bhd. ,   |c 1991 
300 |a 284p. ;   |c 17cm. 
650 0 0 |a Banks and banking 
999 |a 037735   |b BUKU   |c PINJAMAN   |e PERPUSTAKAAN KOMUNITI PETALING JAYA